An account of all the manors, messuages, lands, tenements, and hereditaments, in the different counties of England and Wales, held by lease from the Crown. As contained in the report of the Commissioners appointed to enquire, into the state and condition of the royal forests, woods, and land revenues; ... To which is added, an appendix, ... (Record no. 113819)

MARC details
000 -LEADER
fixed length control field 01013cam a22001935a 4500
001 - CONTROL NUMBER
control field L155782
008 - FIXED-LENGTH DATA ELEMENTS--GENERAL INFORMATION
fixed length control field 120416s1787 xxk f 000 0 eng d
035 ## - SYSTEM CONTROL NUMBER
System control number (Sirsi) u155782
041 0# - LANGUAGE CODE
Language code of text/sound track or separate title eng
110 2# - MAIN ENTRY--CORPORATE NAME
Corporate name or jurisdiction name as entry element Great Britain
Subordinate unit Commissioners of His Majesty's Woods, Forests and Land Revenues
9 (RLIN) 6038
245 03 - TITLE STATEMENT
Title An account of all the manors, messuages, lands, tenements, and hereditaments, in the different counties of England and Wales, held by lease from the Crown. As contained in the report of the Commissioners appointed to enquire, into the state and condition of the royal forests, woods, and land revenues; ... To which is added, an appendix, ...
260 ## - PUBLICATION, DISTRIBUTION, ETC.
Place of publication, distribution, etc. London
Name of publisher, distributor, etc. printed by Stafford and Davenport, for S. Hooper; and Messrs. Robinsons
Date of publication, distribution, etc. 1787
300 ## - PHYSICAL DESCRIPTION
Extent [4], 76, [14] p.
Dimensions obl.2o
583 0# - ACTION NOTE
Action Condition reviewed
Time/date of action 20120620
Status condition level 4
583 ## - ACTION NOTE
Action Sent for conservation
Time/date of action 20130129
Action agent Elizabeth Neville
651 #4 - SUBJECT ADDED ENTRY--GEOGRAPHIC NAME
Geographic name Great Britain
Chronological subdivision 1707-
690 ## - LOCAL SUBJECT ADDED ENTRY--TOPICAL TERM (OCLC, RLIN)
Topical term or geographic name as entry element Landlord and tenant
9 (RLIN) 6252
942 ## - ADDED ENTRY ELEMENTS (KOHA)
Suppress in OPAC 0
Holdings
Withdrawn status Lost status Source of classification or shelving scheme Damaged status Not for loan Home library Current library Shelving location Date acquired Total Checkouts Full call number Barcode Date last seen Copy number Price effective from Koha item type
    Dewey Decimal Classification     Historic collection Historic collection Historic collection 16/04/2012   FOLIO 1787 COMMISSIONERS 30075541 06/08/2019 1 06/08/2019 Book